Vida y opiniones de Tristam Shandy, caballero

Sparad:
Bibliografiska uppgifter
Huvudupphovsman: Sterne, Laurence (Författare, medförfattare)
Materialtyp: Bok
Språk:spanska
Publicerad: Barcelona Planeta 1989
Upplaga:2a. ed
Serie:Clásicos Universales Planeta, 71
Ämnen:
Taggar: Lägg till en tagg
Inga taggar, Lägg till första taggen!

MARC

LEADER 00000cam a2200000 a 4500
001 UCD7717
003 CL-VaPUC
008 170407e19890000sp |||||||||||||||||spa|d
020 |a 8432040444 
082 0 4 |a 823  |b STE  |2 21 
100 0 |a Sterne, Laurence  |e author  |9 348884 
245 1 0 |a Vida y opiniones de Tristam Shandy, caballero 
250 |a 2a. ed 
300 |a 459 p 
942 |c BK 
945 |d 20170407 16:56:00  |a dcastane 
260 |a Barcelona  |b Planeta  |c 1989 
650 0 |a Novelas inglesas  |9 265220 
650 0 |a Literatura inglesa  |9 312907 
583 |a last modification  |c 20170407 16:56:00  |k Rodrigo Vera 
490 0 |a Clásicos Universales Planeta, 71 
999 |c 367669  |d 367667 
952 |0 0  |1 0  |3 erb  |4 0  |6 823_000000000000000_STE_1989  |7 0  |8 A  |9 482687  |a BIBART  |b BIBART  |i 5386381  |o 823 STE 1989  |p 5386381  |r 2025-03-13  |w 2019-11-24  |y BK  |z Catalogado en:20170407  |k ART